000 03176cam a22004694i 4500
003 PE-LiUPU
005 20250731165425.0
008 160202s2013 pe a grm 000 0 spa d
035 _a(Sirsi) a155869
040 _aPE-LiUPU
_bspa
_cPE-LiUPU
_erda
099 _aTEF 2
_bQ73 2013
100 1 _aQuispe Huamán, Dany Edyth
_eautor
245 1 _aConocimientos y prácticas de la actividad física como estilo de vida saludable de enfermeras(os) del Hospital II Clínica Geriátrica San Isidro Labrador, Lima 2013 /
_cDany Edyth Quispe Huamán.
264 0 _c2013.
300 _a86 hojas :
_bilustraciones;
_c30 cm
336 _atext
_2rdacontent
337 _aunmediated
_2rdamedia
338 _avolume
_2rdacarrier
502 _aTesis
_b(Lic.) --
_cUniversidad Peruana Unión,
_d2013.
504 _aIncluye referencias
520 3 _aEl presente trabajo de investigación es cuantitativo, de corte transversal y diseño descriptivo correlacional. Se realizó con el objetivo de determinar la relación entre el nivel de conocimiento y la práctica de la actividad física como estilo de vida saludable en enfermeros que laboran en el servicio de hospitalización del Hospital II Clínica Geriátrica San Isidro Labrador, Lima 2013, con una muestra de 20 Licenciados en enfermería. La metodología: se utilizó dos instrumentos para la recolección de datos: el cuestionario de conocimientos sobre actividad física como estilo de vida saludable, aplicados a 20 Licenciados(as) de enfermería como muestra de los diferentes servicios. Los datos fueron procesados con el software SPSS versión 20.0 en español. Para establecer la relación entre conocimientos y prácticas se aplicó la correlación de Pearsson, con el 95% de confiabilidad y un nivel de significancia de x=0.05. Los resultados muestran, del grupo de licenciados en enfermería con excelente conocimiento el 20% tienen prácticas saludables y el 10% prácticas muy saludables, asimismo del grupo que tienen buenos conocimientos el 45% tienen prácticas saludables, el 15% prácticas muy saludables y el 5% tiene prácticas poco saludables mientras que del grupo que tiene regular conocimiento el 5% tiene prácticas poco saludables. Las conclusiones del estudio determinan, a un nivel de significancia del 5% existe correlación directa y significativa entre el nivel de conocimieno y la práctica de actividad física como estidlo de vida saludable de participantes del estudio, es decir, a mayor conocimiento mayor práctica y menor conocimiento menor práctica.
526 _aSEG44
526 _aSEG26
526 _aP151
526 _aP150
526 _aP149
526 _aP146
526 _aP145
526 _aP126
526 _aP125
526 _aP92
526 _aP75
526 _aP74
526 _aP27
526 _aP15
650 0 4 _aEnfermeras
_xCalidad de vida
_vTesis.
650 0 4 _aEstilo de vida sostenible.
700 1 _aQuispe Huamán, Fanny Zeluma
_eutor
596 _a1
942 _2ddc
_cTESIS
999 _aTEF 2 Q73 2013
_wALPHANUM
_c8545
_iT01398
_lCCODEBUL3
_mBUL
_r1
_sY
_tTESIS
_u2016-2-2
_xSALUD
_PP22
_o.STAFF. Tesis
_d8545
980 _81
_gALBERTO SANCHEZ Responsable de Automatización